Statistiques concernant Effectif détaillé du FC Metz saison 2023-2024

Cliquez ici pour prendre le quiz!

Statistiques générales

  • Ce quiz a été pris 11 fois
  • Le résultat moyen est 19 sur 31

Statistiques - réponses

NationalitéAncien clubPosteNuméroRéponse% Correct
AlgérieRC StrasbourgGardien16Alexandre Oukidja
100%
RoumaniePanathinaïkosCoachLaszlo Boloni
100%
GéorgieFormé au FC MetzAttaquant9Georges Mikautadze
83%
GhanaHull CityAttaquant17Benjamin Tetteh
67%
HaïtiDon Bosco FCMilieu27Danley Jean-Jacques
67%
Guinée-BissauPortimonense SCDéfenseur5Fali Cande
67%
FanceFormé au FC MetzGardien1Guillaume Dietsch
67%
Côte d'IvoireAS Saint-EtienneMilieu19Habib Maiga
67%
SénégalGénération FootAttaquant37Ibou Sané
67%
Côte d'IvoireAngers SCODéfenseur8Ismael Traoré
67%
FranceAS MonacoMilieu6Kevin N'Doram
67%
Côte d'IvoireFC VizelaDéfenseur39Koffi Kouao
67%
SénégalGénération FootMilieu18Lamine Camara
67%
FranceEA GuingampGardien30Marc-Aurèle Caillard
67%
FranceFormé au FC MetzDéfenseur3Matthieu Udol
67%
FranceBirmingham CityDéfenseur2Maxime Colin
67%
SénégalFormé au FC MetzDéfenseur38Sadibou Sané
67%
FranceRFC SeraingAttaquant11Simon Elisor
67%
MarocNîmes OlympiqueDéfenseur22Sofiane Alakouch
67%
Cap-VertAS Saint-EtienneAttaquant77Vagner
67%
FranceFormé au FC MetzMilieu10Youssef Maziz
67%
GambieGénération FootMilieu36Ablie Jallow
50%
FranceFormé au FC MetzMilieu25Arthur Atta
50%
Côte d'IvoireOGC NiceMilieu21Jean N'Guessan
50%
SénégalFormé au FC MetzMilieu26Malick Mbaye
50%
CongoESTAC TroyesMilieu12Warren Tchimbembe
50%
FranceFormé au FC MetzMilieu34Joseph N'Duquidi
33%
SénégalGénération FootAttaquant7Pape Diallo
33%
BelgiqueRFC SeraingMilieu20Sami Lahssaini
33%
SénégalFormé au FC MetzMilieu14Cheick Tidiane Sabaly
17%
SénégalFormé au FC MetzDéfenseur15Ababacar Moustapha Lo
0%

Distribution des résultats

Percentile par nombre de réponses

% des personnes avec chaque résultat

Votre développement - résultats

Vous n’avez pas pris ce quiz